000 01514cam a2200349 i 4500
001 12410256
003 EG-ScBUE
005 20250615095545.0
008 010516t2001 enka f b 001 0 eng d
020 _a0471492914 (acidfree paper)
020 _a9780471492917
040 _aDLC
_beng
_erda
_cDLC
_dDLC
_dEG-ScBUE
082 0 4 _a536.50287
_222
_bNIC
100 1 _aNicholas, J. V.,
_eauthor.
_96167
245 1 0 _aTraceable temperatures :
_ban introduction to temperature measurement and calibration /
_cJ.V. Nicholas, D.R. White, Measurement Standards Laboratory of New Zealand.
250 _aSecond edition.
264 1 _aChichester ;
_aNew York :
_bWiley,
_c[2001]
264 4 _cc2001
300 _axxii, 421 pages :
_billustrations ;
_c26 cm
336 _2rdacontent
_atext
_btxt
337 _aunmediated
_2rdamedia
_bn
338 _avolume
_bnc
_2rdacarrier
504 _aIncludes bibliographical references and index.
650 7 _aTemperature measurements.
_2BUEsh
_96168
650 7 _aTemperature measuring instruments
_xCalibration.
_2BUEsh
_96169
655 _vReading book
700 1 _aWhite, D. R.,
_eauthor.
_96170
856 4 2 _3Publisher description
_uhttp://www.loc.gov/catdir/description/wiley039/2001026654.html
856 4 _3Table of Contents
_uhttp://www.loc.gov/catdir/toc/onix06/2001026654.html
942 _2ddc
_cBB
999 _c11830
_d11830